| 000 | 00688nam a22001937a 4500 | ||
|---|---|---|---|
| 005 | 20230209150838.0 | ||
| 008 | 230209b ||||| |||| 00| 0 eng d | ||
| 040 | _cAL | ||
| 041 | _akan | ||
| 082 |
_223 _aK894.2 _bBHAK |
||
| 100 |
_aBhatta G S: ಭಟ್ಟ ಜಿ ಎಸ್ _971702 |
||
| 245 |
_aKolli: Pauranika avaranada nataka _bಕೊಳ್ಳಿ: ಪೌರಾಣಿಕ ಆವರಣದ ನಾಟಕ |
||
| 260 |
_aSagara _bNidhi Prakashana _c2006 |
||
| 300 |
_a60p. _bPB _c21x13cm. |
||
| 365 |
_2Kannada _b30.00 _c₹ _d30.00 |
||
| 650 |
_aKannada Drama: ಕನ್ನಡ ನಾಟಕ _971703 |
||
| 700 |
_aBHATTA (G S): ಭಟ್ಟ (ಜಿ ಎಸ್) _971704 |
||
| 942 |
_2ddc _cDB |
||
| 999 |
_c226632 _d226632 |
||